|
|
|
|
| LEADER |
00654ntm a2200169 i 4500 |
| 001 |
misc71026 |
| 005 |
20240523112301.0 |
| 008 |
230201s1979 hu o 000 hun d |
| 040 |
|
|
|a SZTE Miscellanea Repozitórium
|b hun
|
| 041 |
|
|
|a hun
|
| 100 |
2 |
|
|a Le Lan Huong
|
| 245 |
1 |
3 |
|a Le Lan Huong karácsonyi üdvözlőlapja Karikó Katalinhoz és Annihoz
|h [elektronikus dokumentum] /
|c Le Lan Huong
|
| 260 |
|
|
|c 1979-01-05
|
| 300 |
|
|
|a [1] fol. + 1 boríték
|c 9 x 13,5 cm
|
| 561 |
|
|
|a Karikó Katlin gyűjtemény
|
| 695 |
|
|
|a Levelezés - Le Lan Huong - Karikó Katalin
|
| 856 |
4 |
0 |
|u http://misc.bibl.u-szeged.hu/71026/1/kariko_katalin_levelezes_004.pdf
|z Dokumentum-elérés
|